[Event "Villarobledo Online Qualifyer"]
[Site "playchess.com #155672"]
[Date "2009.05.23"]
[Round "3"]
[White "Von Herman"]
[Black "Sparta Praha"]
[Result "1/2-1/2"]
[WhiteElo "2310"]
[BlackElo "2679"]
[PlyCount "108"]
[EventDate "2009.05.23"]
[EventType "swiss (blitz)"]

1. d4 {[%emt 0:00:03]} d5 {[%emt 0:00:01]} 2. c4 {[%emt 0:00:02]} e6 {[%emt 0:
00:03]} 3. Nc3 {[%emt 0:00:02]} Nf6 {[%emt 0:00:06]} 4. cxd5 {[%emt 0:00:01]}
exd5 {[%emt 0:00:01]} 5. Bg5 {[%emt 0:00:06]} c6 {[%emt 0:00:01]} 6. e3 {[%emt
0:00:01]} Bf5 {[%emt 0:00:01]} 7. Qf3 {[%emt 0:00:02]} Bg6 {[%emt 0:00:01]} 8.
Bxf6 {[%emt 0:00:01]} Qxf6 {[%emt 0:00:01]} 9. Qxf6 {[%emt 0:00:01]} gxf6 {
[%emt 0:00:01]} 10. f4 {[%emt 0:00:21]} Nd7 {[%emt 0:00:07]} 11. Nf3 {[%emt 0:
00:07]} Bb4 {[%emt 0:00:04]} 12. Rc1 {[%emt 0:00:05]} Be4 {[%emt 0:00:02]} 13.
Nd2 {[%emt 0:00:09]} f5 {[%emt 0:00:02]} 14. Ndxe4 {[%emt 0:00:07]} fxe4 {
[%emt 0:00:01]} 15. g4 {[%emt 0:00:04]} Ke7 {[%emt 0:00:06]} 16. a3 {[%emt 0:
00:01]} Bd6 {[%emt 0:00:02]} 17. Be2 {[%emt 0:00:05]} Rhg8 {[%emt 0:00:07]} 18.
Kf2 {[%emt 0:00:04]} f6 {[%emt 0:00:01]} 19. Rhg1 {[%emt 0:00:07]} Rg7 {[%emt
0:00:01]} 20. Rg2 {[%emt 0:00:05]} Rag8 {[%emt 0:00:01]} 21. Rcg1 {[%emt 0:00:
01]} h6 {[%emt 0:00:01]} 22. h4 {[%emt 0:00:05]} Nf8 {[%emt 0:00:01]} 23. h5 {
[%emt 0:00:04]} Ne6 {[%emt 0:00:02]} 24. b4 {[%emt 0:00:16]} Ra8 {[%emt 0:00:
02]} 25. Ra1 {[%emt 0:00:06]} a6 {[%emt 0:00:09]} 26. Na4 {[%emt 0:00:03]} Rgg8
{[%emt 0:00:06]} 27. Nc5 {[%emt 0:00:02]} Rab8 {[%emt 0:00:10]} 28. Rb1 {[%emt
0:00:03]} Nc7 {[%emt 0:00:10]} 29. Rgg1 {[%emt 0:00:02]} b6 {[%emt 0:00:06]}
30. Nb3 {[%emt 0:00:04]} Ra8 {[%emt 0:00:03]} 31. Rgc1 {[%emt 0:00:04]} Kd7 {
[%emt 0:00:02]} 32. Na1 {[%emt 0:00:07]} a5 {[%emt 0:00:09]} 33. Nc2 {[%emt 0:
00:09]} b5 {[%emt 0:00:05]} 34. Ke1 {[%emt 0:00:10]} Ra7 {[%emt 0:00:03]} 35.
Kd2 {[%emt 0:00:01]} axb4 {[%emt 0:00:04]} 36. axb4 {[%emt 0:00:02]} Rga8 {
[%emt 0:00:04]} 37. Kc3 {[%emt 0:00:02]} Ra2 {[%emt 0:00:02]} 38. Ra1 {[%emt 0:
00:05]} Rxa1 {[%emt 0:00:02]} 39. Rxa1 {[%emt 0:00:01]} Rxa1 {[%emt 0:00:01]}
40. Nxa1 {[%emt 0:00:01]} Na8 {[%emt 0:00:01]} 41. Bd1 {[%emt 0:00:04]} Nb6 {
[%emt 0:00:02]} 42. Bb3 {[%emt 0:00:01]} Nc8 {[%emt 0:00:06]} 43. Nc2 {[%emt 0:
00:03]} Ne7 {[%emt 0:00:01]} 44. Ne1 {[%emt 0:00:06]} Bc7 {[%emt 0:00:03]} 45.
Ng2 {[%emt 0:00:02]} Ke8 {[%emt 0:00:03]} 46. Nh4 {[%emt 0:00:01]} Kf7 {[%emt
0:00:01]} 47. Nf5 {[%emt 0:00:04]} Nxf5 {[%emt 0:00:06]} 48. gxf5 {[%emt 0:00:
01]} Ke7 {[%emt 0:00:01]} 49. Bd1 {[%emt 0:00:02]} Kd7 {[%emt 0:00:02]} 50. Be2
{[%emt 0:00:01]} Bd6 {[%emt 0:00:01]} 51. Bd1 {[%emt 0:00:01]} Be7 {[%emt 0:00:
01]} 52. Be2 {[%emt 0:00:01]} Bd6 {[%emt 0:00:01]} 53. Bd1 {[%emt 0:00:01]} Bf8
{[%emt 0:00:01]} 54. Be2 {[%emt 0:00:01] Sparta Praha offers a draw} Be7 {
[%emt 0:00:03]} 1/2-1/2

[Event "Villarobledo Online Qualifyer"]
[Site "playchess.com #155672"]
[Date "2009.05.23"]
[Round "3"]
[White "Avazino"]
[Black "Pra120"]
[Result "1/2-1/2"]
[WhiteElo "2046"]
[BlackElo "1520"]
[PlyCount "76"]
[EventDate "2009.05.23"]
[EventType "swiss (blitz)"]

1. c4 {[%emt 0:00:39]} Nf6 {[%emt 0:00:07]} 2. Nc3 {[%emt 0:00:01]} g6 {[%emt
0:00:02]} 3. e4 {[%emt 0:00:01]} d6 {[%emt 0:00:02]} 4. g3 {[%emt 0:00:00]} Bg7
{[%emt 0:00:00]} 5. Bg2 {[%emt 0:00:00]} O-O {[%emt 0:00:00]} 6. Nge2 {[%emt 0:
00:01]} Nc6 {[%emt 0:00:00]} 7. O-O {[%emt 0:00:01]} e5 {[%emt 0:00:02]} 8. d3
{[%emt 0:00:00]} Be6 {[%emt 0:00:01]} 9. h3 {[%emt 0:00:00]} Qd7 {[%emt 0:00:
01]} 10. Kh2 {[%emt 0:00:01]} h5 {[%emt 0:00:02]} 11. Bg5 {[%emt 0:00:03]} Nh7
{[%emt 0:00:01]} 12. Be3 {[%emt 0:00:01]} f6 {[%emt 0:00:04]} 13. Qd2 {[%emt 0:
00:02]} g5 {[%emt 0:00:05]} 14. f4 {[%emt 0:00:08]} exf4 {[%emt 0:00:06]} 15.
gxf4 {[%emt 0:00:00]} g4 {[%emt 0:00:01]} 16. f5 {[%emt 0:00:01]} Bf7 {[%emt 0:
00:01]} 17. hxg4 {[%emt 0:00:02]} hxg4 {[%emt 0:00:01]} 18. Rf4 {[%emt 0:00:01]
} Ne5 {[%emt 0:00:03]} 19. b3 {[%emt 0:00:02]} Bh5 {[%emt 0:00:04]} 20. Rh1 {
[%emt 0:00:02]} Qf7 {[%emt 0:00:05]} 21. Kg1 {[%emt 0:00:17]} Ng5 {[%emt 0:00:
03]} 22. d4 {[%emt 0:00:02]} Nef3+ {[%emt 0:00:01]} 23. Bxf3 {[%emt 0:00:02]}
Nxf3+ {[%emt 0:00:01]} 24. Rxf3 {[%emt 0:00:00]} gxf3 {[%emt 0:00:01]} 25. Nf4
{[%emt 0:00:01]} Bg4 {[%emt 0:00:04]} 26. Qh2 {[%emt 0:00:01]} Qd7 {[%emt 0:00:
11]} 27. Ne6 {[%emt 0:00:20]} Kf7 {[%emt 0:00:05]} 28. Nxg7 {[%emt 0:00:11]}
Rg8 {[%emt 0:00:08]} 29. Ne6 {[%emt 0:00:03]} Bh3+ {[%emt 0:00:05]} 30. Kf2 {
[%emt 0:00:01]} Rg2+ {[%emt 0:00:02]} 31. Kxf3 {[%emt 0:00:01]} Rxh2 {[%emt 0:
00:01]} 32. Rxh2 {[%emt 0:00:00]} Rh8 {[%emt 0:00:07]} 33. Kg3 {[%emt 0:00:16]}
Qe8 {[%emt 0:00:30]} 34. Rxh3 {[%emt 0:00:15]} Rxh3+ {[%emt 0:00:03]} 35. Kxh3
{[%emt 0:00:01]} Qh8+ {[%emt 0:00:01]} 36. Kg2 {[%emt 0:00:01]} Qg8+ {[%emt 0:
00:02]} 37. Kf2 {[%emt 0:00:01]} Qg4 {[%emt 0:00:04]} 38. Nf4 {[%emt 0:00:03]}
Qh4+ {[%emt 0:00:03] Pra120 offers a draw} 1/2-1/2

[Event "Villarobledo Online Qualifyer"]
[Site "playchess.com #155672"]
[Date "2009.05.23"]
[Round "3"]
[White "andrew wiles"]
[Black "Dereito"]
[Result "1-0"]
[WhiteElo "2333"]
[BlackElo "2124"]
[PlyCount "103"]
[EventDate "2009.05.23"]
[EventType "swiss (blitz)"]

1. e4 {[%emt 0:00:00]} d5 {[%emt 0:00:01]} 2. exd5 {[%emt 0:00:01]} Qxd5 {
[%emt 0:00:00]} 3. Nc3 {[%emt 0:00:01]} Qd8 {[%emt 0:00:01]} 4. d4 {[%emt 0:00:
01]} Nf6 {[%emt 0:00:00]} 5. Nf3 {[%emt 0:00:01]} c6 {[%emt 0:00:00]} 6. Bc4 {
[%emt 0:00:01]} Bf5 {[%emt 0:00:00]} 7. Qe2 {[%emt 0:00:05]} e6 {[%emt 0:00:01]
} 8. Bd2 {[%emt 0:00:07]} Nbd7 {[%emt 0:00:03]} 9. O-O-O {[%emt 0:00:02]} Qc7 {
[%emt 0:00:01]} 10. Ne5 {[%emt 0:00:01]} Bd6 {[%emt 0:00:03]} 11. f4 {[%emt 0:
00:07]} Nb6 {[%emt 0:00:08]} 12. Bb3 {[%emt 0:00:03]} O-O-O {[%emt 0:00:01]}
13. Kb1 {[%emt 0:00:34]} Bxe5 {[%emt 0:00:02]} 14. dxe5 {[%emt 0:00:03]} Bg4 {
[%emt 0:00:01]} 15. Qf2 {[%emt 0:00:18]} Bxd1 {[%emt 0:00:01]} 16. exf6 {[%emt
0:00:01]} Bh5 {[%emt 0:00:09]} 17. fxg7 {[%emt 0:00:01]} Rhg8 {[%emt 0:00:00]}
18. Ne4 {[%emt 0:00:07]} Rxg7 {[%emt 0:00:02]} 19. Bc3 {[%emt 0:00:01]} Rg4 {
[%emt 0:00:08]} 20. g3 {[%emt 0:00:07]} Bg6 {[%emt 0:00:05]} 21. Nf6 {[%emt 0:
00:05]} h5 {[%emt 0:00:16]} 22. h3 {[%emt 0:00:09]} Qd6 {[%emt 0:00:28]} 23. a3
{[%emt 0:00:21]} Nd5 {[%emt 0:00:39]} 24. Nxd5 {[%emt 0:00:07]} Bxc2+ {[%emt 0:
00:03]} 25. Bxc2 {[%emt 0:00:09]} Rgg8 {[%emt 0:00:00]} 26. Nf6 {[%emt 0:00:07]
} Rgf8 {[%emt 0:00:02]} 27. Qxa7 {[%emt 0:00:04]} Qb8 {[%emt 0:00:03]} 28. Qb6
{[%emt 0:00:07]} Qc7 {[%emt 0:00:01]} 29. Qa7 {[%emt 0:00:07]} Qb8 {[%emt 0:00:
01]} 30. Qc5 {[%emt 0:00:01]} Qd6 {[%emt 0:00:01]} 31. Qxd6 {[%emt 0:00:03]}
Rxd6 {[%emt 0:00:01]} 32. Bb4 {[%emt 0:00:01]} Rdd8 {[%emt 0:00:11]} 33. Bxf8 {
[%emt 0:00:02]} Rxf8 {[%emt 0:00:00]} 34. Nxh5 {[%emt 0:00:02]} Rh8 {[%emt 0:
00:01]} 35. Nf6 {[%emt 0:00:02]} Kc7 {[%emt 0:00:05]} 36. h4 {[%emt 0:00:01]}
b5 {[%emt 0:00:01]} 37. h5 {[%emt 0:00:01]} c5 {[%emt 0:00:01]} 38. h6 {[%emt
0:00:01]} Kd6 {[%emt 0:00:00]} 39. g4 {[%emt 0:00:02]} Ke7 {[%emt 0:00:00]} 40.
g5 {[%emt 0:00:01]} b4 {[%emt 0:00:01]} 41. axb4 {[%emt 0:00:03]} cxb4 {[%emt
0:00:00]} 42. Rd1 {[%emt 0:00:04]} b3 {[%emt 0:00:03]} 43. Rd7+ {[%emt 0:00:02]
} Kf8 {[%emt 0:00:01]} 44. Rd8+ {[%emt 0:00:02]} Ke7 {[%emt 0:00:00]} 45. Rxh8
{[%emt 0:00:02]} bxc2+ {[%emt 0:00:00]} 46. Kxc2 {[%emt 0:00:01]} e5 {[%emt 0:
00:00]} 47. fxe5 {[%emt 0:00:02]} Ke6 {[%emt 0:00:00]} 48. h7 {[%emt 0:00:01]}
Kxe5 {[%emt 0:00:01]} 49. Rg8 {[%emt 0:00:01]} Kf5 {[%emt 0:00:00]} 50. h8=Q {
[%emt 0:00:01]} Ke6 {[%emt 0:00:01]} 51. Qh3+ {[%emt 0:00:02]} Ke7 {[%emt 0:00:
01]} 52. Rh8 {[%emt 0:00:04] Dereito rinde} 1-0

[Event "Villarobledo Online Qualifyer"]
[Site "playchess.com #155672"]
[Date "2009.05.23"]
[Round "3"]
[White "Edwinkyky77"]
[Black "The great master"]
[Result "1-0"]
[WhiteElo "1768"]
[BlackElo "1475"]
[PlyCount "71"]
[EventDate "2009.05.23"]
[EventType "swiss (blitz)"]

1. e4 {[%emt 0:00:01]} Nc6 {[%emt 0:00:03]} 2. d4 {[%emt 0:00:01]} e5 {[%emt 0:
00:01]} 3. Nf3 {[%emt 0:00:04]} exd4 {[%emt 0:00:02]} 4. Bc4 {[%emt 0:00:01]}
Nf6 {[%emt 0:00:03]} 5. O-O {[%emt 0:00:14]} Be7 {[%emt 0:00:05]} 6. Re1 {
[%emt 0:00:07]} O-O {[%emt 0:00:05]} 7. Nxd4 {[%emt 0:00:02]} Nxd4 {[%emt 0:00:
06]} 8. Qxd4 {[%emt 0:00:01]} Re8 {[%emt 0:00:05]} 9. Nc3 {[%emt 0:00:02]} Bf8
{[%emt 0:00:10]} 10. Bg5 {[%emt 0:00:02]} Be7 {[%emt 0:00:16]} 11. Rad1 {[%emt
0:00:08]} c6 {[%emt 0:00:04]} 12. Bb3 {[%emt 0:00:13]} h6 {[%emt 0:00:04]} 13.
Bh4 {[%emt 0:00:07]} g5 {[%emt 0:00:24]} 14. Bg3 {[%emt 0:00:02]} Bf8 {[%emt 0:
00:09]} 15. Be5 {[%emt 0:00:08]} Bg7 {[%emt 0:00:04]} 16. f4 {[%emt 0:00:20]}
g4 {[%emt 0:00:35]} 17. Bxf6 {[%emt 0:00:08]} Qxf6 {[%emt 0:00:13]} 18. e5 {
[%emt 0:00:02]} Qg6 {[%emt 0:00:10]} 19. Qd6 {[%emt 0:00:09]} Qxd6 {[%emt 0:00:
06]} 20. exd6 {[%emt 0:00:01]} Rxe1+ {[%emt 0:00:04]} 21. Rxe1 {[%emt 0:00:02]}
Bxc3 {[%emt 0:00:06]} 22. bxc3 {[%emt 0:00:03]} b5 {[%emt 0:00:01]} 23. Re8+ {
[%emt 0:00:02]} Kg7 {[%emt 0:00:02]} 24. Rd8 {[%emt 0:00:07]} Kf6 {[%emt 0:00:
18]} 25. Kf2 {[%emt 0:00:03]} a5 {[%emt 0:00:14]} 26. a4 {[%emt 0:00:03]} bxa4
{[%emt 0:00:03]} 27. Bxa4 {[%emt 0:00:01]} Ke6 {[%emt 0:00:07]} 28. Rh8 {[%emt
0:00:01]} Kxd6 {[%emt 0:00:04]} 29. Rxh6+ {[%emt 0:00:01]} Kc7 {[%emt 0:00:03]}
30. Rf6 {[%emt 0:00:04]} Rb8 {[%emt 0:00:04]} 31. Rxf7 {[%emt 0:00:04]} Bb7 {
[%emt 0:00:02]} 32. Rg7 {[%emt 0:00:04]} Bc8 {[%emt 0:00:01]} 33. Rxg4 {[%emt
0:00:04]} d5 {[%emt 0:00:00]} 34. Rg7+ {[%emt 0:00:02]} Kd6 {[%emt 0:00:02]}
35. Rg6+ {[%emt 0:00:02]} Kc5 {[%emt 0:00:03]} 36. Rxc6# {[%emt 0:00:01] (Lag:
Av=0.90s, max=1.8s)} 1-0

[Event "Villarobledo Online Qualifyer"]
[Site "playchess.com #155672"]
[Date "2009.05.23"]
[Round "3"]
[White "Unicorn"]
[Black "Moe der Beste"]
[Result "1/2-1/2"]
[WhiteElo "2607"]
[BlackElo "2151"]
[PlyCount "108"]
[EventDate "2009.05.23"]
[EventType "swiss (blitz)"]

1. d4 {[%emt 0:00:03]} d5 {[%emt 0:00:01]} 2. c4 {[%emt 0:00:02]} c6 {[%emt 0:
00:01]} 3. Nf3 {[%emt 0:00:02]} Nf6 {[%emt 0:00:01]} 4. Nc3 {[%emt 0:00:01]} e6
{[%emt 0:00:01]} 5. Bg5 {[%emt 0:00:02]} Nbd7 {[%emt 0:00:02]} 6. cxd5 {[%emt
0:00:02]} exd5 {[%emt 0:00:02]} 7. e3 {[%emt 0:00:01]} Be7 {[%emt 0:00:01]} 8.
Bd3 {[%emt 0:00:01]} O-O {[%emt 0:00:01]} 9. Qc2 {[%emt 0:00:01]} Re8 {[%emt 0:
00:04]} 10. O-O {[%emt 0:00:01]} Nf8 {[%emt 0:00:01]} 11. h3 {[%emt 0:00:01]}
a6 {[%emt 0:00:03]} 12. Rab1 {[%emt 0:00:02]} Nh5 {[%emt 0:00:10]} 13. Bxe7 {
[%emt 0:00:09]} Qxe7 {[%emt 0:00:00]} 14. b4 {[%emt 0:00:01]} Bd7 {[%emt 0:00:
14]} 15. a4 {[%emt 0:00:02]} Rac8 {[%emt 0:00:01]} 16. Bf5 {[%emt 0:00:06]} Nf6
{[%emt 0:00:09]} 17. Bxd7 {[%emt 0:00:05]} Qxd7 {[%emt 0:00:02]} 18. Qd3 {
[%emt 0:00:02]} Ne4 {[%emt 0:00:02]} 19. Ne5 {[%emt 0:00:20]} Qf5 {[%emt 0:00:
05]} 20. Nxe4 {[%emt 0:00:13]} dxe4 {[%emt 0:00:05]} 21. Qc4 {[%emt 0:00:04]}
Ng6 {[%emt 0:00:01]} 22. Nxg6 {[%emt 0:00:05]} hxg6 {[%emt 0:00:05]} 23. Rfc1 {
[%emt 0:00:04]} Qd5 {[%emt 0:00:01]} 24. Qxd5 {[%emt 0:00:06]} cxd5 {[%emt 0:
00:00]} 25. Rc5 {[%emt 0:00:01]} Rxc5 {[%emt 0:00:06]} 26. bxc5 {[%emt 0:00:00]
} Re7 {[%emt 0:00:01]} 27. Rb6 {[%emt 0:00:03]} Rd7 {[%emt 0:00:04]} 28. a5 {
[%emt 0:00:09]} Kf8 {[%emt 0:00:03]} 29. c6 {[%emt 0:00:01]} bxc6 {[%emt 0:00:
04]} 30. Rxc6 {[%emt 0:00:01]} Ke7 {[%emt 0:00:10]} 31. Rxa6 {[%emt 0:00:02]}
Rd6 {[%emt 0:00:01]} 32. Rxd6 {[%emt 0:00:30]} Kxd6 {[%emt 0:00:01]} 33. Kh2 {
[%emt 0:00:01]} Kc6 {[%emt 0:00:04]} 34. Kg3 {[%emt 0:00:01]} f6 {[%emt 0:00:
01]} 35. Kf4 {[%emt 0:00:01]} Kb5 {[%emt 0:00:01]} 36. h4 {[%emt 0:00:01]} Kxa5
{[%emt 0:00:01]} 37. h5 {[%emt 0:00:01]} gxh5 {[%emt 0:00:05]} 38. Kf5 {[%emt
0:00:00]} Kb4 {[%emt 0:00:04]} 39. Kg6 {[%emt 0:00:13]} Kc3 {[%emt 0:00:05]}
40. Kxg7 {[%emt 0:00:02]} Kd2 {[%emt 0:00:00]} 41. Kxf6 {[%emt 0:00:05]} Ke2 {
[%emt 0:00:00]} 42. Ke5 {[%emt 0:01:07]} Kxf2 {[%emt 0:00:02]} 43. Kxd5 {[%emt
0:00:01]} Kxe3 {[%emt 0:00:01]} 44. Kc5 {[%emt 0:00:04]} Kf4 {[%emt 0:00:02]}
45. d5 {[%emt 0:00:02]} e3 {[%emt 0:00:04]} 46. d6 {[%emt 0:00:01]} e2 {[%emt
0:00:01]} 47. d7 {[%emt 0:00:01]} e1=Q {[%emt 0:00:01]} 48. d8=Q {[%emt 0:00:
01]} Qf2+ {[%emt 0:00:01]} 49. Kc4 {[%emt 0:00:02]} Qf1+ {[%emt 0:00:03]} 50.
Kc3 {[%emt 0:00:03]} Qxg2 {[%emt 0:00:04]} 51. Qf6+ {[%emt 0:00:08]} Ke3 {
[%emt 0:00:05]} 52. Qh6+ {[%emt 0:00:04]} Kf2 {[%emt 0:00:03]} 53. Qxh5 {[%emt
0:00:01]} Qf3+ {[%emt 0:00:02]} 54. Qxf3+ {[%emt 0:00:01]} Kxf3 {[%emt 0:00:00]
} 1/2-1/2

[Event "Villarobledo Online Qualifyer"]
[Site "playchess.com #155672"]
[Date "2009.05.23"]
[Round "3"]
[White "Cemcakan3"]
[Black "Us6"]
[Result "0-1"]
[WhiteElo "2221"]
[BlackElo "2603"]
[PlyCount "76"]
[EventDate "2009.05.23"]
[EventType "swiss (blitz)"]

1. d4 {[%emt 0:00:01]} Nf6 {[%emt 0:00:01]} 2. c4 {[%emt 0:00:01]} c5 {[%emt 0:
00:02]} 3. d5 {[%emt 0:00:01]} b5 {[%emt 0:00:01]} 4. Nf3 {[%emt 0:00:01]} g6 {
[%emt 0:00:01]} 5. cxb5 {[%emt 0:00:02]} a6 {[%emt 0:00:01]} 6. b6 {[%emt 0:00:
01]} d6 {[%emt 0:00:01]} 7. Nc3 {[%emt 0:00:01]} Nbd7 {[%emt 0:00:01]} 8. a4 {
[%emt 0:00:03]} Qxb6 {[%emt 0:00:02]} 9. e4 {[%emt 0:00:03]} Bg7 {[%emt 0:00:
01]} 10. Be2 {[%emt 0:00:00]} O-O {[%emt 0:00:01]} 11. Nd2 {[%emt 0:00:00]} Bb7
{[%emt 0:00:05]} 12. Nc4 {[%emt 0:00:01]} Qc7 {[%emt 0:00:01]} 13. O-O {[%emt
0:00:03]} Nb6 {[%emt 0:00:03]} 14. Ne3 {[%emt 0:00:01]} Nfd7 {[%emt 0:00:11]}
15. a5 {[%emt 0:00:05]} Nc8 {[%emt 0:00:01]} 16. Nc4 {[%emt 0:00:01]} Na7 {
[%emt 0:00:01]} 17. Bg5 {[%emt 0:00:11]} Rfe8 {[%emt 0:00:04]} 18. Bg4 {[%emt
0:00:09]} Nf6 {[%emt 0:00:11]} 19. Nb6 {[%emt 0:00:06]} Rab8 {[%emt 0:00:01]}
20. Re1 {[%emt 0:00:12]} Nxg4 {[%emt 0:00:04]} 21. Qxg4 {[%emt 0:00:02]} Nb5 {
[%emt 0:00:03]} 22. Nxb5 {[%emt 0:00:36]} axb5 {[%emt 0:00:02]} 23. Re2 {[%emt
0:00:12]} Bc8 {[%emt 0:00:38]} 24. Qg3 {[%emt 0:00:04]} Qa7 {[%emt 0:00:02]}
25. Ra3 {[%emt 0:00:31]} b4 {[%emt 0:00:04]} 26. Nxc8 {[%emt 0:00:22]} Rexc8 {
[%emt 0:00:24]} 27. Ra4 {[%emt 0:00:03]} c4 {[%emt 0:00:03]} 28. Be3 {[%emt 0:
00:09]} Qd7 {[%emt 0:00:05]} 29. Ra2 {[%emt 0:00:07]} b3 {[%emt 0:00:07]} 30.
Ra1 {[%emt 0:00:04]} c3 {[%emt 0:00:03]} 31. bxc3 {[%emt 0:00:05]} Rxc3 {[%emt
0:00:06]} 32. Rb1 {[%emt 0:00:06]} Qb5 {[%emt 0:00:21]} 33. Qh4 {[%emt 0:00:10]
} Qxe2 {[%emt 0:00:10]} 34. Qxe7 {[%emt 0:00:06]} Rxe3 {[%emt 0:00:03]} 35.
fxe3 {[%emt 0:00:07]} b2 {[%emt 0:00:01]} 36. Qxd6 {[%emt 0:00:06]} Qxe3+ {
[%emt 0:00:01]} 37. Kh1 {[%emt 0:00:02]} Re8 {[%emt 0:00:01]} 38. Qg3 {[%emt 0:
00:16]} Qxe4 {[%emt 0:00:02] Time} 0-1

[Event "Villarobledo Online Qualifyer"]
[Site "playchess.com #155672"]
[Date "2009.05.23"]
[Round "3"]
[White "Lacryma"]
[Black "MateJaque"]
[Result "0-1"]
[WhiteElo "1819"]
[BlackElo "2183"]
[PlyCount "64"]
[EventDate "2009.05.23"]
[EventType "swiss (blitz)"]

1. e4 {[%emt 0:00:01]} c5 {[%emt 0:00:02]} 2. c3 {[%emt 0:00:02]} Nf6 {[%emt 0:
00:04]} 3. e5 {[%emt 0:00:03]} Nd5 {[%emt 0:00:02]} 4. d4 {[%emt 0:00:02]} e6 {
[%emt 0:00:08]} 5. Nf3 {[%emt 0:00:08]} d6 {[%emt 0:00:03]} 6. exd6 {[%emt 0:
00:29]} Bxd6 {[%emt 0:00:02]} 7. Be2 {[%emt 0:00:06]} cxd4 {[%emt 0:00:04]} 8.
Nxd4 {[%emt 0:00:05]} O-O {[%emt 0:00:03]} 9. O-O {[%emt 0:00:02]} Nd7 {[%emt
0:00:27]} 10. Nd2 {[%emt 0:00:03]} Ne5 {[%emt 0:00:11]} 11. N2f3 {[%emt 0:00:
04]} Ng6 {[%emt 0:00:05]} 12. g3 {[%emt 0:00:16]} b6 {[%emt 0:00:02]} 13. c4 {
[%emt 0:00:06]} Nde7 {[%emt 0:00:08]} 14. Nb5 {[%emt 0:00:02]} Bc5 {[%emt 0:00:
11]} 15. Qxd8 {[%emt 0:00:06]} Rxd8 {[%emt 0:00:01]} 16. Bg5 {[%emt 0:00:05]}
Bb7 {[%emt 0:00:03]} 17. Rad1 {[%emt 0:00:05]} f6 {[%emt 0:00:05]} 18. Bc1 {
[%emt 0:00:02]} Kf7 {[%emt 0:00:20]} 19. a3 {[%emt 0:00:02]} a6 {[%emt 0:00:02]
} 20. Nc3 {[%emt 0:00:05]} Nf5 {[%emt 0:00:01]} 21. b4 {[%emt 0:00:03]} Be7 {
[%emt 0:00:06]} 22. h4 {[%emt 0:00:15]} a5 {[%emt 0:00:04]} 23. bxa5 {[%emt 0:
00:18]} Rxd1 {[%emt 0:00:11]} 24. Rxd1 {[%emt 0:00:05]} Rxa5 {[%emt 0:00:01]}
25. Nb5 {[%emt 0:00:12]} Bc6 {[%emt 0:00:10]} 26. h5 {[%emt 0:00:22]} Ne5 {
[%emt 0:00:06]} 27. Nxe5+ {[%emt 0:00:02]} fxe5 {[%emt 0:00:01]} 28. g4 {[%emt
0:00:12]} Nd4 {[%emt 0:00:13]} 29. Nxd4 {[%emt 0:00:03]} exd4 {[%emt 0:00:01]}
30. Rxd4 {[%emt 0:00:04]} e5 {[%emt 0:00:12]} 31. Rd3 {[%emt 0:00:01]} Bc5 {
[%emt 0:00:09]} 32. Bf3 {[%emt 0:00:06]} e4 {[%emt 0:00:06] Zeit} 0-1

[Event "Villarobledo Online Qualifyer"]
[Site "playchess.com #155672"]
[Date "2009.05.23"]
[Round "3"]
[White "Ferdi Sert"]
[Black "Markus Lammers"]
[Result "0-1"]
[WhiteElo "1881"]
[BlackElo "2538"]
[PlyCount "80"]
[EventDate "2009.05.23"]
[EventType "swiss (blitz)"]

1. e4 {[%emt 0:00:00]} Nc6 {[%emt 0:00:01]} 2. Nf3 {[%emt 0:00:04]} f5 {[%emt
0:00:01]} 3. exf5 {[%emt 0:00:02]} d5 {[%emt 0:00:01]} 4. Bd3 {[%emt 0:00:03]}
Nb4 {[%emt 0:00:03]} 5. Qe2 {[%emt 0:00:02]} Nxd3+ {[%emt 0:00:02]} 6. Qxd3 {
[%emt 0:00:01]} Nh6 {[%emt 0:00:01]} 7. Nd4 {[%emt 0:00:05]} Qd7 {[%emt 0:00:
02]} 8. Qf3 {[%emt 0:00:52]} Nxf5 {[%emt 0:00:05]} 9. Nxf5 {[%emt 0:00:03]}
Qxf5 {[%emt 0:00:00]} 10. Qxf5 {[%emt 0:00:01]} Bxf5 {[%emt 0:00:01]} 11. d3 {
[%emt 0:00:00]} e5 {[%emt 0:00:02]} 12. Nc3 {[%emt 0:00:02]} c6 {[%emt 0:00:02]
} 13. f4 {[%emt 0:00:05]} Bd6 {[%emt 0:00:11]} 14. O-O {[%emt 0:00:03]} O-O {
[%emt 0:00:02]} 15. h3 {[%emt 0:00:10]} Rae8 {[%emt 0:00:31]} 16. g4 {[%emt 0:
00:03]} Bc8 {[%emt 0:00:05]} 17. f5 {[%emt 0:00:01]} b5 {[%emt 0:00:06]} 18.
Bg5 {[%emt 0:00:06]} Bb7 {[%emt 0:00:12]} 19. a3 {[%emt 0:00:04]} a5 {[%emt 0:
00:02]} 20. Rae1 {[%emt 0:00:07]} b4 {[%emt 0:00:02]} 21. axb4 {[%emt 0:00:03]}
axb4 {[%emt 0:00:00]} 22. Ne2 {[%emt 0:00:02]} c5 {[%emt 0:00:02]} 23. Ra1 {
[%emt 0:00:11]} c4 {[%emt 0:00:06]} 24. Ra7 {[%emt 0:00:05]} Bc5+ {[%emt 0:00:
02]} 25. d4 {[%emt 0:00:01]} Bxa7 {[%emt 0:00:01]} 26. c3 {[%emt 0:00:02]} bxc3
{[%emt 0:00:05]} 27. bxc3 {[%emt 0:00:06]} exd4 {[%emt 0:00:01]} 28. Nxd4 {
[%emt 0:00:05]} Re4 {[%emt 0:00:01]} 29. Rb1 {[%emt 0:00:09]} Rf7 {[%emt 0:00:
08]} 30. Kf2 {[%emt 0:00:11]} Bxd4+ {[%emt 0:00:07]} 31. cxd4 {[%emt 0:00:01]}
Rxd4 {[%emt 0:00:02]} 32. h4 {[%emt 0:00:14]} c3 {[%emt 0:00:02]} 33. Kg3 {
[%emt 0:00:04]} Rc4 {[%emt 0:00:11]} 34. h5 {[%emt 0:00:03]} h6 {[%emt 0:00:04]
} 35. Bf4 {[%emt 0:00:08]} d4 {[%emt 0:00:02]} 36. Kf2 {[%emt 0:00:13]} d3 {
[%emt 0:00:02]} 37. Be3 {[%emt 0:00:03]} d2 {[%emt 0:00:03]} 38. Ke2 {[%emt 0:
00:08]} Rxg4 {[%emt 0:00:05]} 39. f6 {[%emt 0:00:07]} c2 {[%emt 0:00:04]} 40.
Rxb7 {[%emt 0:00:05]} d1=Q+ {[%emt 0:00:02] Time  (Lag: Av=1.11s, max=14.3s)}
0-1